000 00908nas a2200301 4500
001 BR2013006039
003 BR-BrBNA
005 20231205122726.0
007 ta
008 230509b bl.|||p| |||| 00| 00por d
040 _aBR-BrBNA
_bpor
_cBiblioteca Nacional de Agricultura
041 _a(Pt)
072 _aH60; F04
100 1 _aBressani, F.N.
100 1 _aNepomuceno, M.
100 1 _aMartins, J.V.F.
100 1 _aCarvalho, L.B. de
100 1 _aAlves, P.L. da C.A.
245 1 _aInfluência da adubação nitrogenada sobre a interferência de plantas daninhas em feijoeiro
650 _aFEIJÃO
650 _aERVA DANINHA
650 _aPERDA DA PRODUÇÃO
650 _aADUBAÇÃO
650 _aNITROGÊNIO
773 0 _tRevista Ceres (Brazil)
_xISSN 0034-737X
_g(Jan-Feb 2013), v. 60(1) p. 43-52
_wBR2013006039
909 _a202311
_bLúcia
_c55
_dLúcia Elande
942 _2AGRIS
_n0
_cANA
999 _c230198
_d230198